| 000 | 00870cam a22002772 4500 | ||
|---|---|---|---|
| 001 | 12405 | ||
| 003 | BD-RjUL | ||
| 005 | 20211208235303.0 | ||
| 008 | 140128r19641963paua b 001 0 eng | ||
| 035 |
_a(BD-RjUL)12454 _aOCLC ocm00556579 from D971107M |
||
| 040 |
_aDLC _cWSU _dBD-RjUL _beng |
||
| 041 | _aeng | ||
| 082 |
_a590 _bVIG 1964 |
||
| 100 | 1 |
_aVillee, Claude Alvin _d1917- _938535 |
|
| 245 | 1 | 0 |
_aGeneral zoology / _cClaude A. Villee, Warren F. Walker, Jr. [and] Frederick E. Smith. |
| 250 | _a2d ed. | ||
| 260 |
_aPhiladelphia : _bW.B. Saunders Co., _cc1963 [reprint 1964]. |
||
| 300 |
_axx, 848 p. : _billus. ; _c25 cm. |
||
| 504 | _aInclude bibliography and index. | ||
| 650 | 0 |
_aZoology. _938536 |
|
| 700 | 1 |
_aWalker, Warren F. _938537 |
|
| 700 | 1 |
_aSmith, Frederick E. _938538 |
|
| 942 |
_2ddc _cBK |
||
| 999 |
_c12405 _d12405 |
||